000 00383nam a2200133Ia 4500
005 20260328104305.0
008 260328s9999||||xx |||||||||||||| ||und||
100 _aMinisterio de Relaciones de Colombia
245 0 _aAtenas :
_b 5.000 AƱos de Historia /
_cMinisterio de Relaciones de Colombia
260 _bAbrasivos de Colombia
300 _a82 p.
650 _aGRECIA
942 _cBK
999 _c10740
_d10740